000 00619nam a2200181Ia 4500
001 14029
003 GE_BSU
008 181216s||||||||xx |||||||||||||| ||und||
040 _cGE_BSU
080 _a622.692.4
245 _aПравила технической эксплуатации магистральных нефтепродуктопроводов.
260 _aМ.
260 _bНедра.
260 _c1988.
300 _a87 стр. 20 см.
653 _aПравила технической эксплуатации магистральных нефтепродуктопроводов.
942 _cBK
999 _c47171
_d47171